| 000 | 00868aam a2200301 4500 | ||
|---|---|---|---|
| 005 | 20161114143104.0 | ||
| 008 | 150716b xxu||||| |||| 00| 0 spa d | ||
| 041 | _aEspañol | ||
| 082 | _a155.67 J83s | ||
| 100 |
_aJoselevich, Estrella _931424 |
||
| 245 | _a¿Soy un adulto con AD/HD? comprensión y estrategias para la vida cotidiana | ||
| 260 | _aArgentina | ||
| 260 | _bPaidós | ||
| 260 | _c2006 | ||
| 300 | _a292 páginas | ||
| 650 |
_aTRANSTORNOS DE ATENCION _931425 |
||
| 650 |
_aADULTOS _97935 |
||
| 650 |
_aENTORNO _95984 |
||
| 650 |
_aDIAGNOSTICO _9295 |
||
| 650 |
_aDEFICIT ATENCIONAL _91011 |
||
| 650 |
_aHIPERACTIVIDAD _97936 |
||
| 650 |
_aFRUSTRACION _924202 |
||
| 650 |
_aAUTOESTIMA _9460 |
||
| 650 |
_aTRASTORNOS BIPOLARES _98368 |
||
| 650 |
_aPROBLEMAS DE APRENDIZAJE _98596 |
||
| 650 |
_aHIPERREACCIONES _931426 |
||
| 942 | _cBK | ||
| 999 |
_c1794 _d1794 |
||